| 000 | 00473nam a22001697a 4500 | ||
|---|---|---|---|
| 999 |
_c194816 _d194816 |
||
| 005 | 20230120154102.0 | ||
| 010 | _aENG-136030 | ||
| 020 | _c300.00 | ||
| 035 | _aEN-119562 | ||
| 037 | _bDBAD/PUB | ||
| 082 | _a660 | ||
| 245 | _aIllustrated dictionary of chemical engineering | ||
| 260 |
_aLajpat nagar _bAkshar mala _c2011 |
||
| 270 |
_aA-47, Amar colony, lajpat nagar _bNew delhi _e110024 |
||
| 300 |
_a216p. _c22cm(hbk) |
||
| 942 |
_2ddc _cEN _h660 _mILL |
||